Acid Bath Songs - Statistics

General Stats
  • This quiz has been taken 92 times
  • The average score is 15 of 25
Answer Stats
Album Song % Correct
When the Kite String Pops (1994) Scream of the Butterfly
93%
When the Kite String Pops (1994) The Blue
86%
When the Kite String Pops (1994) Cassie Eats Cockroaches
81%
When the Kite String Pops (1994) Cheap Vodka
81%
When the Kite String Pops (1994) Jezebel
78%
Paegan Terrorism Tactics (1996) Paegan Love Song
75%
When the Kite String Pops (1994) The Morticians Flame
71%
When the Kite String Pops (1994) Tranquilized
71%
When the Kite String Pops (1994) Dr. Seuss Is Dead
69%
When the Kite String Pops (1994) The Bones of Baby Dolls
69%
Paegan Terrorism Tactics (1996) Bleed Me an Ocean
66%
Paegan Terrorism Tactics (1996) Dead Girl
59%
Paegan Terrorism Tactics (1996) Graveflower
59%
When the Kite String Pops (1994) Dope Fiend
54%
When the Kite String Pops (1994) Finger Paintings of the Insane
54%
When the Kite String Pops (1994) God Machine
54%
Paegan Terrorism Tactics (1996) Venus Blue
54%
When the Kite String Pops (1994) Toubabo Koomi
53%
Paegan Terrorism Tactics (1996) 13 Fingers
47%
When the Kite String Pops (1994) What Color Is Death
47%
Paegan Terrorism Tactics (1996) Diäb Soulé
46%
Paegan Terrorism Tactics (1996) New Death Sensation
44%
Paegan Terrorism Tactics (1996) Locust Spawning
41%
Paegan Terrorism Tactics (1996) New Corpse
41%
Paegan Terrorism Tactics (1996) Old Skin
39%
No matching quizzes found
Score Distribution
Percent of People with Each Score
Percentile by Number Answered
Your Score History
You have not taken this quiz